Прощай, грусть

Detalhes bibliográficos
Autor principal: Осетинская П. О. Полина Олеговна
Resumo:В середине восьмидесятых годов прошлого века имя очаровательной девочки-вундеркинда Полины Осетинской было знакомо на просторах СССР миллионам. Сегодня известная пианистка рассказывает в автобиографической книге о своем тернистом жизненном пути, полном славы и разочарования, труда и унижения, музыки и скандала. Те, кто помнит громкие успехи Осетинской, будут потрясены, узнав трагическую изнанку этих успехов, о которой Полина повествует с ошеломляющей откровенностью.
Idioma:russo
Publicado em: СПб., Лимбус Пресс, 2008
Assuntos:
Formato: Livro
KOHA link:https://koha.lib.tpu.ru/cgi-bin/koha/opac-detail.pl?biblionumber=140353

MARC

LEADER 00000nam0a2200000 4500
001 140353
005 20231101220840.0
010 |a 9785837004629 
035 |a (RuTPU)RU\TPU\book\152051 
090 |a 140353 
100 |a 20080627d2008 m y0rusy50 ca 
101 0 |a rus 
102 |a RU 
105 |a ac z 000aa 
200 1 |a Прощай, грусть  |f П. О. Осетинская 
210 |a СПб.  |c Лимбус Пресс  |d 2008 
215 |a 240 с.  |c ил. 
330 |a В середине восьмидесятых годов прошлого века имя очаровательной девочки-вундеркинда Полины Осетинской было знакомо на просторах СССР миллионам. Сегодня известная пианистка рассказывает в автобиографической книге о своем тернистом жизненном пути, полном славы и разочарования, труда и унижения, музыки и скандала. Те, кто помнит громкие успехи Осетинской, будут потрясены, узнав трагическую изнанку этих успехов, о которой Полина повествует с ошеломляющей откровенностью. 
600 1 |a Осетинская  |b П. О.  |c российская пианистка  |f 1975-  |g Полина Олеговна  |2 stltpush  |3 (RuTPU)RU\TPU\pers\22163  |9 9376 
610 1 |a музыка 
610 1 |a инструментальная музыка 
610 1 |a СССР 
610 1 |a 20 век 
610 1 |a автобиографическая проза 
675 |a 786  |v 3 
700 1 |a Осетинская  |b П. О.  |g Полина Олеговна 
801 1 |a RU  |b 63413507  |c 20080627  |g PSBO 
801 2 |a RU  |b 63413507  |c 20080904  |g PSBO 
942 |c BK